Estados de India - Estadísticas

Estadísticas generales
  • Esta prueba ha sido intentada 574 veces
  • La puntuación promedio es 13 de 36
Respuestas en el mapa
Las respuestas están codificadas por una escala verde-roja en el mapa de la prueba según el % correcto abajo.
 
Estadísticas de respuestas
Estado % Correcto
Delhi
75%
Uttar Pradesh
67%
Goa
65%
Jammu y Cachemira
63%
Bengala Occidental
54%
Sikkim
50%
Tamil Nadu
50%
Guyarat
48%
Kerala
48%
Islas Andaman y Nicobar
45%
Punyab
43%
Arunachal Pradesh
40%
Assam
40%
Madhya Pradesh
39%
Andhra Pradesh
35%
Bihar
35%
Karnataka
34%
Odisha
34%
Maharashtra
32%
Tripura
32%
Pondicherry
31%
Telangana
31%
Himachal Pradesh
29%
Ladakh
28%
Megalaya
28%
Nagaland
28%
Manipur
27%
Mizoram
25%
Laquedivas
24%
Haryana
23%
Chhattisgarh
22%
Uttarakhand
20%
Jharkhand
19%
Dadra y Nagar Haveli y Damán y Diu
18%
Rayasthan
18%
Chandigarh
13%
No se encontraron pruebas coincidentes
Distribución de puntuación
Porcentaje de gente con cada puntuación
Porcentaje por número respondido
Historial de tus puntuaciones
No has intentado esta prueba.